[Event "Diamond Cement GM Open 2018"]
[Site "Chittagong"]
[Date "2018.09.05"]
[Round "5"]
[White "S M Sharon"]
[Black "Ghosh, Chanchal Kumer"]
[Result "1-0"]
[WhiteElo "2163"]
[BlackElo "2046"]
[Annotator "TA"]
[PlyCount "145"]
[EventDate "2018.09.02"]
[EventCountry "BAN"]
[SourceTitle "playchess.com"]
[Source "ChessBase"]
[SourceQuality "1"]

{[%evp 9,145,20,25,-8,-5,0,0,8,13,15,9,-16,-18,-9,-15,-100,-83,-100,-103,-121,-84,-88,-82,-82,-90,-104,-64,-254,-261,-263,-260,-244,-97,-92,-92,-100,-93,-95,-95,-95,-93,-90,-81,-112,-76,-103,-75,-122,-121,-150,-136,-169,-169,-222,-169,-177,-172,-160,-113,-107,-106,-106,-104,-155,-134,-137,-26,-26,-26,-33,0,0,0,0,0,0,0,0,0,0,0,0,0,0,0,0,0,0,0,0,0,0,0,-20,0,0,0,0,0,0,0,0,0,-12,-14,-12,0,-7,-14,-29,0,0,0,0,0,0,0,0,243,244,229,234,931,863,320,8,617,586,561,529,625,553,29985,29986,29986,29987,29985,29986]} 1. e4 d5 2. Nc3 dxe4 3. Nxe4 Bf5 4. Ng3 Bg6 5. Nf3 Nf6 {LiveBook: 8 Games} 6. Ne5 {A00: Irregular Openings} (6. d4 e6 7. c3 Nbd7 8. Be2 Bd6 9. O-O c6 10. Re1 Qc7 11. Nd2 O-O 12. Nc4 Be7 13. Bf3 Rad8 {½-½ (39) Morozevich,A (2741)-Radjabov,T (2729) Monte Carlo 2007}) 6... Nbd7 {[%cal Bb8d7,Bd7e5,Be5g4,Bg4f2][%mdl 32]} 7. Nxg6 hxg6 8. d4 {The position is equal.} e5 $146 ({Predecessor:} 8... e6 9. Qf3 c6 10. Bd3 Bd6 11. Ne4 Nxe4 12. Qxe4 Nf6 13. Qf3 Qa5+ {½-½ (23) Novak,G (2223)-Tomazini,A (2165) Otocec 2009}) 9. dxe5 Nxe5 10. Qe2 Qe7 11. Bd2 O-O-O {aiming for ...Qc5.} 12. O-O-O (12. Bc3 $1 $11 Nc6 13. Qxe7 Nxe7 14. Bc4) 12... Neg4 {...Qxe2 is the strong threat.} 13. Qxe7 Bxe7 14. Re1 Bc5 $36 {[%cal Be7c5,Bc5b6,Bb6e3][%mdl 2080] Keeping White busy.} ({Much worse is} 14... Nxf2 $6 15. Rxe7 Nxh1 16. Nxh1 $11) 15. f3 Nf2 16. Rg1 Rxh2 {Hoping for ...N2e4.} 17. b4 Bb6 {White must now prevent ...N2e4.} 18. Be3 $2 {[#]} (18. Bc4 $15) 18... Rd1+ $1 $19 {[%mdl 512]} 19. Rxd1 Bxe3+ 20. Rd2 {[#]} Nh3 ({Less strong is} 20... Bxd2+ 21. Kxd2 Nh3 22. Rh1 $15) (20... Nh5 $1 $19 {[%cal Rh5g3] is more deadly.} 21. Nxh5 gxh5) 21. Rh1 $17 Rxh1 22. Nxh1 Nf4 23. c3 Bxd2+ 24. Kxd2 {[%mdl 4096] Endgame KBN-KNN} Kd7 25. Nf2 Kd6 26. Ke3 N4d5+ 27. Kd4 b6 28. b5 Ne7 29. g4 c5+ 30. Kd3 Ke5 31. c4 (31. Nh3 $142) 31... g5 32. Ke3 g6 33. a4 Ne8 34. a5 f5 35. Nd3+ Kd6 36. a6 (36. axb6 $142 axb6 37. Be2) 36... Nf6 37. Bh3 f4+ (37... Ke6 $17 38. gxf5+ gxf5) 38. Kd2 $11 Neg8 39. Nf2 Ke5 40. Kc3 Ne7 41. Bf1 Ke6 42. Bd3 Kf7 43. Bc2 Nc8 44. Nd3 Nd7 45. Nf2 Nd6 46. Be4 Kf6 47. Bd5 Nf8 48. Nd3 Nd7 49. Nf2 Ne5 50. Nh3 Ne8 51. Nf2 Nd6 52. Nh3 Nd7 53. Nf2 Ke7 54. Nd3 Nf7 55. Nf2 Nf6 56. Be4 Ne5 57. Bb7 Kd6 58. Nh3 Nf7 59. Bc6 Nd8 60. Nxg5 Nxc6 61. Nf7+ Ke6 62. bxc6 {KN-KN} Ne8 63. Ng5+ Ke7 $2 (63... Ke5 $11 {and Black is okay.}) 64. Nh3 $18 Nc7 65. Nxf4 Nxa6 $2 (65... g5) 66. Nxg6+ Kd6 67. f4 $2 ({White has to play} 67. g5 $18) 67... Kxc6 $2 {[%mdl 8192]} (67... Nb8 $11) 68. Ne7+ Kd7 69. Nd5 Nb8 70. g5 {[%cal Bg4g5,Bg5g6,Bg6g7][%mdl 32]} Ke6 71. g6 {White mates.} Nd7 {[#]} 72. f5+ $1 {[%mdl 512]} Kxf5 73. g7 {Precision: White = 61%, Black = 46%.} 1-0

[Event "Diamond Cement GM Open 2018"]
[Site "Chittagong"]
[Date "2018.09.05"]
[Round "5"]
[White "Anata, Choudhury"]
[Black "Anustoop Biswas"]
[Result "1-0"]
[WhiteElo "2109"]
[BlackElo "2308"]
[Annotator "TA"]
[PlyCount "103"]
[EventDate "2018.09.02"]
[EventCountry "BAN"]
[SourceTitle "playchess.com"]
[Source "ChessBase"]
[SourceQuality "1"]

{[%evp 19,103,-12,45,8,23,16,23,15,37,31,30,-12,19,29,23,0,85,56,90,81,70,76,167,184,218,137,605,593,587,587,859,474,483,481,475,462,503,489,493,244,239,250,225,87,231,309,305,304,219,127,123,115,110,113,96,127,111,127,127,127,127,114,285,280,278,278,270,256,241,236,326,300,292,291,389,389,389,385,385,372,608,601,29993,29991,29991,29992]} 1. e4 e6 2. d4 d5 3. Nc3 Bb4 4. e5 Ne7 5. a3 Bxc3+ 6. bxc3 c5 7. Qg4 Qc7 8. Bd3 c4 9. Be2 Qa5 {C18: French: 3 Nc3 Bb4: Main line: 7 h4 and 7 Qg4} 10. Bd2 Rg8 {LiveBook: 4 Games} (10... O-O $11) 11. Nf3 Nbc6 {The position is equal.} 12. O-O h6 $146 ({Predecessor:} 12... Bd7 13. Qh5 h6 14. Rfb1 Qa4 15. Rxb7 Qxc2 16. Bd1 {1-0 (30) Lagno,K (2529)-Harika,D (2511) Huaian 2016}) 13. Qh5 Ng6 14. a4 Bd7 15. Nh4 Nxh4 (15... Nxd4 $5 16. cxd4 Qxd2 17. Nxg6 fxg6 18. Qxg6+ Ke7 $14) 16. Qxh4 Ne7 17. Qh3 Nc8 (17... Bxa4 $11 {remains equal.} 18. Rfb1 b5) 18. Bc1 Nb6 19. Ba3 Nxa4 20. Bb4 $1 {[%cal Rb4a5]} Qd8 (20... Qb6 $16) 21. f4 $1 $40 {[%cal Bf2f4,Bf4f5][%mdl 160] White has strong attack.} Rh8 22. f5 $1 {[%cal Rf5e6] Threatens to win with fxe6.} Nb6 $2 {[%mdl 8192]} (22... a5 $16) 23. Bg4 {[%cal Rf5e6]} exf5 24. Bxf5 Qg5 25. e6 fxe6 26. Bxe6 O-O-O 27. Rxa7 Rhe8 28. Bxd7+ Rxd7 29. Bd6 (29. Ba5 $142 Kc7 30. Bxb6+ Kc6 31. Bc5) 29... Qe3+ 30. Qxe3 Rxe3 31. Bf4 (31. Be5 $1 $18 {and the rest is easy.}) 31... Rxc3 (31... Re6 $16 {was necessary.}) 32. Rb1 Rf7 33. Be5 $1 Rxc2 {Hoping for ...c3.} 34. h3 (34. g4 $1 $18) 34... Rff2 $16 35. Rxb6 Rxg2+ 36. Kh1 Rge2 {[%cal Re2e1]} 37. Ra8+ Kd7 {[%cal Re2e1]} 38. Rxb7+ Ke6 {[%cal Re2e1] [#]} 39. Re8+ $1 Kf5 {[%cal Re2e1]} 40. Rf7+ ({Much weaker is} 40. Rxg7 $6 Rc1+ 41. Rg1 Rxg1+ 42. Kxg1 c3 $11) 40... Kg6 $2 (40... Kg5 $16 {was worth a try.} 41. Rxg7+ Kh4) 41. Rxg7+ $18 Kh5 42. Rf8 {Rf5+ would kill now.} Rc1+ 43. Rg1 Rxg1+ 44. Kxg1 {[%mdl 4096] Endgame KRB-KR} c3 {intending ...c2.} 45. Rc8 c2 {[#] White must now prevent ...Re1+.} 46. Bf4 $1 Kh4 47. Kf1 Re4 48. Be5 Kxh3 49. Rxc2 h5 $2 (49... Kg4 50. Rc6 Kf5 51. Rxh6 Rg4) 50. Kf2 {White threatens Kf3 and mate.} Rg4 {Strongly threatening ...Rg2+.} 51. Kf3 {[%csl Ge5][%cal Rc2h2]} Kh4 52. Bf4 {Precision: White = 53%, Black = 31%.} 1-0

[Event "Diamond Cement GM Open 2018"]
[Site "Chittagong"]
[Date "2018.09.05"]
[Round "6"]
[White "Mollah Abdullah, Al Rakib"]
[Black "Mohammad Fahad, Rahman"]
[Result "0-1"]
[WhiteElo "2472"]
[BlackElo "2263"]
[Annotator "TA"]
[PlyCount "54"]
[EventDate "2018.09.02"]
[EventCountry "BAN"]
[SourceTitle "playchess.com"]
[Source "ChessBase"]
[SourceQuality "1"]

{[%evp 9,54,21,22,0,9,-31,-28,-62,-4,-53,-13,-30,-7,-8,-7,-33,-12,-33,-33,-47,-43,-75,-73,-67,-75,-87,-39,-203,-208,-270,-263,-269,-270,-271,-260,-283,-137,-327,-327,-304,-266,-484,-462,-650,-642,-866,-855]} 1. d4 {[%cal Bd2d4,Bd4d5][%mdl 32]} Nf6 2. c4 e6 3. Bg5 c5 4. d5 d6 5. Nc3 Be7 6. Nf3 {E00: Catalan Bogo-Indian (3 g3 Bb4+)} (6. dxe6 fxe6 7. e3 O-O 8. Bd3 Nc6 9. Nf3 Qe8 10. O-O Qh5 11. Be2 Qg6 12. Bh4 {1-0 (57) Ivanisevic,I (2630)-Nyzhnyk,I (2530) Wijk aan Zee 2011}) 6... O-O 7. e3 Nxd5 $146 ({Predecessor:} 7... Na6 8. Be2 Nc7 9. O-O Rb8 10. a4 b6 11. e4 e5 12. Qd2 {½-½ (45) Steen,P (2160)-Pannekoek,W (2083) Belgium 2005}) 8. Nxd5 {Black has an edge.} exd5 (8... Bxg5 $15 9. Nxg5 exd5 10. Qxd5 Na6) 9. Qxd5 Nc6 10. Bd3 g6 11. Bxe7 Qxe7 12. a3 Ne5 {White must now prevent ...Be6.} 13. Nxe5 dxe5 {[%cal Bd6e5,Be5e4][%mdl 32]} 14. Qf3 Rd8 $36 {[%mdl 2048] White is under pressure.} 15. Be2 h5 {[%cal Bh7h5,Bh5h4][%mdl 32]} 16. h3 Kg7 17. g4 h4 18. Rg1 $2 {[#]} (18. Qe4 $15) 18... e4 $1 $19 {[%cal Re4f3]} 19. Qf4 g5 20. Qh2 Qf6 21. Rb1 Bd7 22. Kf1 {[#]} Bc6 (22... Be6 $1 $19 {has better winning chances. And now ...Rd2 would win.} 23. b3 Rd7) 23. b4 $2 (23. Kg2 $17) 23... cxb4 24. axb4 Ba4 {[%cal Bc6a4,Ba4c2,Bc2d3][%mdl 32]} 25. Kg2 $2 (25. Qc7 Rd2 26. Qc5) 25... Rd2 {Black is clearly winning.} 26. Rge1 (26. Rbe1 $142 a5 27. bxa5) 26... Bc2 27. Rbc1 {If only White now had time for Kg1....} Bd3 {Precision: White = 23%, Black = 52%.} 0-1

[Event "Diamond Cement GM Open 2018"]
[Site "Chittagong"]
[Date "2018.09.05"]
[Round "6"]
[White "Murshed, Niaz"]
[Black "Lalith Babu M R"]
[Result "1/2-1/2"]
[WhiteElo "2408"]
[BlackElo "2527"]
[Annotator "TA"]
[PlyCount "41"]
[EventDate "2018.09.02"]
[EventCountry "BAN"]
[SourceTitle "playchess.com"]
[Source "ChessBase"]
[SourceQuality "1"]

{[%evp 18,41,-2,-35,0,0,0,0,0,-14,0,0,5,-8,6,0,4,4,4,4,4,4,3,0,6,0]} 1. d4 Nf6 2. Nf3 e6 3. c4 b6 4. g3 Bb7 5. Bg2 Bb4+ 6. Nbd2 {[%cal Bb1d2,Bd2c4,Bc4e5][%mdl 32]} O-O 7. O-O d5 8. cxd5 exd5 9. Ne5 Nbd7 10. Ndc4 {LiveBook: 3 Games. E16: Queen's Indian: 4 g3 Bb7 5 Bg2 Bb4+} (10. Qa4 Qe7 11. Ndf3 Bd6 12. Nxd7 Nxd7 13. Bf4 Bxf4 14. gxf4 c5 15. e3 Rfc8 16. Rfd1 c4 17. a3 Bc6 {0-1 (49) Melkumyan,H (2619)-Matlakov,M (2707) Karlsruhe 2017}) 10... Ne4 $146 ({Predecessor:} 10... Nxe5 11. Nxe5 Re8 12. Bf4 Bd6 13. Nd3 Bxf4 14. Nxf4 c5 15. e3 Ne4 16. Rc1 c4 17. Re1 b5 {1-0 (57) Cheremnova,T (2243)-Kovanova,B (2408) Uljanovsk 2012}) 11. Qa4 {[#] Hoping for Bxe4.The position is equal.} Nxe5 12. Nxe5 Bd6 13. Bf4 Re8 14. Rfd1 g5 15. Be3 Bxe5 16. dxe5 Rxe5 17. Bxe4 Rxe4 {[#]} 18. Qxe4 $1 {[%mdl 512]} dxe4 19. Rxd8+ Rxd8 20. Bxg5 $11 {KRB-KRB} Rd7 21. Kf1 1/2-1/2

[Event "Diamond Cement GM Open 2018"]
[Site "Chittagong"]
[Date "2018.09.05"]
[Round "6"]
[White "Neelash Saha"]
[Black "Rahman, Ziaur"]
[Result "1-0"]
[WhiteElo "2373"]
[BlackElo "2477"]
[Annotator "TA"]
[PlyCount "54"]
[EventDate "2018.09.02"]
[EventCountry "BAN"]
[SourceTitle "playchess.com"]
[Source "ChessBase"]
[SourceQuality "1"]

{[%evp 16,54,108,100,125,130,129,129,129,122,129,135,106,122,162,176,172,181,170,172,164,170,212,224,172,214,219,217,220,213,214,209,203,185,211,197,347,359,547,544,496]} 1. d4 g6 2. e4 Bg7 3. Nc3 d6 4. Be2 Nf6 5. h4 h5 6. Nf3 c6 7. Ng5 Nbd7 {B07: Pirc Defence: Miscellaneous Systems} (7... O-O 8. O-O Nbd7 9. Be3 b5 10. f3 Nb6 11. b3 b4 12. Nb1 Nfd7 13. a3 bxa3 14. Rxa3 e5 15. d5 cxd5 16. exd5 {1-0 (35) Neubauer,M (2432)-Lehner,O (2407) Austria 2017}) 8. e5 dxe5 9. dxe5 {[%cal Bd4e5,Be5e6][%mdl 32] LiveBook: 3 Games} Nd5 {White is better.} 10. Nxd5 cxd5 11. e6 Ne5 12. f4 ({Much less strong is} 12. exf7+ Nxf7 13. Bb5+ Kf8 $14) 12... Ng4 $146 ({Predecessor:} 12... f6 13. fxe5 fxg5 14. Bb5+ Kf8 15. Qf3+ Kg8 16. Qf7+ Kh7 17. Qxg6+ Kg8 18. Qf7+ Kh7 19. Bd3+ Kh6 20. Bxg5# {1-0 (20) Pelt,A (2058)-Atento,E (1817) Zweibruecken 2013}) 13. Bxg4 hxg4 14. Nxf7 Qb6 15. Nxh8 Qxe6+ 16. Qe2 Bxh8 17. h5 gxh5 18. Rxh5 {aiming for Qxe6.} Bf6 19. f5 Qxe2+ 20. Kxe2 Kf7 21. c3 d4 {[#]} 22. cxd4 $1 Bxd4 {[#]} 23. Be3 $1 {[%cal Re3d4]} Bxb2 24. Rb1 Bf6 25. Rb4 b6 (25... Bd7 $142 26. Rxg4 Rh8 27. Rxh8 Bxh8 28. Bxa7 Bxf5) 26. Rxg4 $18 Bb7 (26... Ba6+ {was necessary.} 27. Ke1 Rf8) 27. Rh7+ Ke8 {Precision: White = 97%, Black = 59%.} 1-0

[Event "Diamond Cement GM Open 2018"]
[Site "Chittagong"]
[Date "2018.09.05"]
[Round "6"]
[White "Dhulipalla Bala Chandra Prasa"]
[Black "Mehdi Hasan Parag"]
[Result "1-0"]
[WhiteElo "2352"]
[BlackElo "2180"]
[Annotator "TA"]
[PlyCount "53"]
[EventDate "2018.09.02"]
[EventCountry "BAN"]
[SourceTitle "playchess.com"]
[Source "ChessBase"]
[SourceQuality "1"]

{[%evp 20,53,32,29,62,45,89,37,47,37,52,52,43,43,52,56,179,0,0,-23,-7,-67,0,0,0,0,0,0,217,236,5557,5550,1818,1805,1224,1193]} 1. c4 e6 2. g3 Nf6 3. Bg2 d5 4. Nf3 Be7 5. O-O O-O 6. d4 dxc4 7. Qc2 b6 {E05: Open Catalan: 5 Nf3 Be7} (7... a6 8. a4 Bd7 9. Rd1 Bc6 10. Bg5 b5 11. Bxf6 Bxf6 12. Nc3 Qe8 13. e4 g6 14. h4 Nd7 15. axb5 axb5 16. Rxa8 Qxa8 {½-½ (26) Mamedyarov,S (2808)-So,W (2778) Stavanger 2018}) 8. Bg5 Nd5 9. Bxe7 Qxe7 10. Nbd2 Bb7 11. Nxc4 {LiveBook: 3 Games} c5 $146 ({Predecessor:} 11... Nd7 12. a3 c5 13. dxc5 Qxc5 14. b4 Qc7 15. Rac1 {½-½ (34) Gelfand,B (2697)-Deac,B (2549) Caleta 2018}) 12. dxc5 bxc5 13. a3 (13. Na5 $16) 13... Nc6 $14 14. e3 Rab8 15. Rac1 Ba6 16. Rfd1 Rfc8 17. Bf1 Bxc4 (17... Qf6 $14 18. Nfd2 Bxc4 19. Nxc4 Na5) 18. Qxc4 $2 (18. Bxc4 $18 Qf6 19. Qe4) 18... Qf6 $1 $11 {[%cal Rf6f3]} 19. Bg2 Qxb2 20. Ng5 ({White should play} 20. Qc2 $11) 20... h6 {[#]} ({Better is} 20... Ne5 $15 21. Qc2 Qxc2 22. Rxc2 Nf6) 21. Nxf7 $1 {[%mdl 512]} Kxf7 22. Bxd5 exd5 23. Qxd5+ Kf8 $2 {[#]} (23... Kg6 $1 $11) 24. Rc4 $1 $18 {[%cal Rc4f4][%mdl 1024] White has strong compensation.} g5 $2 (24... Nd4 25. exd4 Qb7 26. Qd6+ (26. Rxc5 Qxd5 27. Rxd5 Rb7 $18) 26... Qe7 27. Qf4+ Qf7 28. dxc5 Qxf4 29. Rxf4+ Kg8) 25. Qf5+ {White is clearly winning.} Kg8 26. Qe6+ Kf8 27. Rd7 {Precision: White = 51%, Black = 30%.} 1-0

[Event "Diamond Cement GM Open 2018"]
[Site "Chittagong"]
[Date "2018.09.05"]
[Round "6"]
[White "Anustoop Biswas"]
[Black "Islam, Kh. Aminul"]
[Result "0-1"]
[WhiteElo "2308"]
[BlackElo "2273"]
[Annotator "TA"]
[PlyCount "70"]
[EventDate "2018.09.02"]
[EventCountry "BAN"]
[SourceTitle "playchess.com"]
[Source "ChessBase"]
[SourceQuality "1"]

{[%evp 12,70,4,-22,1,-5,1,7,12,-8,48,1,4,-2,-2,-18,-14,-27,-9,-30,-28,-32,-22,-41,-46,-65,-59,-67,-44,-98,-92,-90,-93,-84,-84,-139,-133,-142,-167,-193,-189,-166,-172,-231,-232,-229,-222,-260,-248,-245,-238,-247,-235,-236,-216,-272,-280,-382,-375,-337,-290]} 1. e4 e5 2. Nc3 Nc6 3. Nf3 Nf6 4. g3 Bc5 5. Bg2 d6 6. d3 a6 7. h3 {LiveBook: 73 Games. C26: Vienna Game: 2...Nf6, sidelines} (7. O-O h6 8. h3 Be6 9. Kh2 d5 10. exd5 Nxd5 11. Nxe5 Nxe5 12. d4 Nxc3 13. bxc3 Qf6 14. dxc5 Rd8 15. Qh5 g6 16. Qh4 Nf3+ 17. Bxf3 Qxf3 {½-½ (76) Kamsky,G (2670)-Shirov,A (2652) Sochi 2018}) 7... Nd4 8. Be3 Nxf3+ $146 ({Predecessor:} 8... O-O 9. Bxd4 exd4 10. Ne2 d5 11. exd5 Qxd5 12. O-O Qd6 13. Qd2 Re8 {1-0 (52) Bykovskiy,O (2197)-Medvedyk,V (2116) Lvov 2018}) 9. Qxf3 {The position is equal.} Nd7 10. Ne2 h5 (10... b5 $11) 11. c3 Bxe3 12. Qxe3 h4 13. g4 g5 14. d4 Qe7 15. Nc1 Nf8 16. Nd3 Ng6 17. Bf1 O-O 18. Be2 Re8 19. f3 a5 20. dxe5 ({White should try} 20. O-O-O $15) 20... dxe5 $17 21. Qc5 Qxc5 22. Nxc5 b6 23. Bb5 ({Better is} 23. Nd3) 23... Rd8 24. Nd3 {[#]} Be6 $1 25. Nc1 Rd6 26. Rh2 Rad8 27. Ba4 (27. Nb3 {was necessary.}) 27... Nf4 $19 28. Bc2 Kf8 29. Nb3 Bxb3 30. axb3 Ke7 31. Rb1 R8d7 32. Ra1 Kd8 33. b4 axb4 34. Ba4 Nd3+ 35. Kf1 c6 {Precision: White = 28%, Black = 65%.} 0-1

[Event "Diamond Cement GM Open 2018"]
[Site "Chittagong"]
[Date "2018.09.05"]
[Round "6"]
[White "Abu Sufian, Shakil"]
[Black "Mohammed Abdul, Malek"]
[Result "1-0"]
[WhiteElo "2247"]
[BlackElo "2186"]
[Annotator "TA"]
[PlyCount "115"]
[EventDate "2018.09.02"]
[EventCountry "BAN"]
[SourceTitle "playchess.com"]
[Source "ChessBase"]
[SourceQuality "1"]

{[%evp 9,115,45,43,42,50,55,55,55,87,82,130,93,112,102,95,104,112,125,141,81,128,125,154,146,138,14,127,109,110,90,85,90,95,59,101,103,95,63,90,70,61,56,239,252,239,202,188,188,204,193,238,244,239,137,150,137,136,146,195,199,217,214,210,202,199,199,200,199,210,196,204,197,342,429,471,464,460,420,460,430,405,394,366,0,343,325,324,314,528,478,541,452,412,520,593,654,748,746,936,864,875,743,1104,782,1088,770,1632,708]} 1. e4 c6 2. d4 d5 3. Nc3 e6 4. Nf3 Nf6 5. Bd3 Be7 6. e5 {B15: Caro-Kann: 3 Nc3: 3...g6 and 3...dxe4 4 Nxe4 Nf6 5 Nxf6+ exf6} (6. O-O b6 7. Qe2 Bb7 8. Bf4 O-O 9. Rad1 Nbd7 10. a3 h6 11. Rfe1 Re8 12. h3 Nf8 {1-0 (32) Popov,I (2650)-Jobava,B (2673) Minsk 2015}) 6... Nfd7 7. Ne2 c5 {[#] aiming for ...c4.} 8. c3 {White is slightly better.} cxd4 9. cxd4 Bb4+ $146 ({Predecessor:} 9... Nc6 10. O-O Nb4 11. Bb1 b6 12. a3 Nc6 {1-0 (40) Figuero Toro,J (2249)-Pecero Chaves,J (1884) Spain 2007}) 10. Bd2 Bxd2+ 11. Qxd2 Nc6 12. O-O h6 13. Rac1 O-O 14. Bb1 (14. Nf4 $142) 14... f5 15. exf6 Rxf6 16. Nf4 Nf8 17. Nh5 (17. Rc3 $16) 17... Rf7 (17... Rxf3 $1 $11 18. gxf3 Qh4) 18. Rfe1 Bd7 19. Ne5 Nxe5 20. Rxe5 Rc8 21. Rce1 Qb6 22. b3 a5 23. R5e3 Be8 24. Rg3 Qb4 $1 {[%cal Rb4d2]} 25. Qe3 e5 $2 ({Black should play} 25... Rfc7 $14 26. Nf6+ Kf7 27. Nxe8 Kxe8) 26. Qxe5 $18 {[%cal Rg3g7]} Qe7 27. Rge3 Qxe5 28. Rxe5 Bc6 29. g3 g6 30. Nf4 Kg7 31. Ne6+ ({White should try} 31. h4 $18) 31... Nxe6 $16 32. Rxe6 Rf6 33. R6e5 Rcf8 34. f4 R8f7 35. h4 {[%cal Bh2h4,Bh4h5][%mdl 32]} Rd6 36. Re6 Rf6 37. Rxd6 Rxd6 $18 {[%mdl 4096] Endgame KRB-KRB} 38. Kf2 Bd7 39. Re5 Kf6 40. h5 Bf5 (40... gxh5 $142 41. Rxh5 Kg7) 41. Bxf5 gxf5 {KR-KR} 42. g4 fxg4 43. Kg3 Rd8 44. Kxg4 Rg8+ 45. Kf3 Rd8 46. Kg4 Rg8+ $1 47. Kh3 Rd8 48. Kh4 b6 $2 (48... Rd7 49. Kg4 Rg7+ 50. Kf3 Rd7) 49. f5 Rg8 50. Rxd5 Rg2 51. a4 Re2 {White is clearly winning.} 52. Rb5 Re4+ 53. Kg3 Rxd4 54. Rxb6+ Kxf5 {[#]} 55. Rb5+ $1 Ke6 56. Kf2 Rh4 57. Rxa5 Rh2+ 58. Kg3 {Precision: White = 72%, Black = 27%.} 1-0

[Event "Diamond Cement GM Open 2018"]
[Site "Chittagong"]
[Date "2018.09.05"]
[Round "6"]
[White "Rahman, Syed Mahfuzur"]
[Black "Mohammad Minhaz Uddin"]
[Result "1/2-1/2"]
[WhiteElo "2201"]
[BlackElo "2328"]
[Annotator "TA"]
[PlyCount "107"]
[EventDate "2018.09.02"]
[EventCountry "BAN"]
[SourceTitle "playchess.com"]
[Source "ChessBase"]
[SourceQuality "1"]

{[%evp 20,107,30,30,90,85,85,102,102,79,165,156,157,131,128,0,0,0,0,0,0,0,0,0,0,0,0,0,0,0,37,37,33,23,44,39,56,14,44,0,0,0,0,0,0,0,0,0,0,0,0,0,0,0,0,0,0,0,0,0,0,0,0,0,0,0,0,0,0,0,0,0,0,0,0,0,0,0,0,0,0,0,0,0,0,0,0,0,0,0]} 1. e4 e5 2. Nf3 Nf6 3. Nxe5 d6 4. Nf3 Nxe4 5. d3 Nf6 6. d4 d5 7. Bd3 Bg4 8. O-O Be7 9. Re1 O-O 10. Bg5 Nc6 {C01: Französische Verteidigung (Abtauschvariante)} (10... Nbd7 11. Nbd2 Re8 12. c3 c6 13. Qc2 h6 14. Bf4 Nh5 15. Be5 Bg5 16. h3 Bxf3 17. Nxf3 Bf4 18. Bh7+ Kh8 19. Bxf4 Nxf4 20. Bf5 Qc7 21. Bxd7 Qxd7 {1-0 (53) Anand,V (2794)-Hou,Y (2670) Douglas 2017}) 11. c3 {LiveBook: 4 Partien} Ne4 (11... h6 $11 {hält das Gleichgewicht.} 12. Bh4 Nh5 13. Bxe7 Nxe7) 12. Bxe7 $16 Qxe7 {Weiß steht besser.} 13. Nbd2 {[%cal Rd2e4]} f5 14. Qb3 {zielt auf Sxe4 ab.} Qd7 (14... Qd8 $16) 15. Nxe4 $18 fxe4 16. Bxe4 Rad8 17. Ne5 $146 (17. h3 $16 Bxh3 18. gxh3) 17... Nxe5 $11 18. dxe5 Qf7 19. f3 dxe4 20. fxg4 {e6 ist eine echte Drohung.} Qxb3 21. axb3 {[%mdl 4096] Endspiel KTT-KTT} Rd2 $1 {Weiss sollte ...Tff2 verhindern.} 22. Rxa7 {[#] Droht stark e6.} Rff2 23. Ra8+ ({Doch nicht} 23. Rxe4 Rxg2+ 24. Kf1 Rxh2 $17) 23... Kf7 24. Rf1 $1 {[%cal Rf1f2]} Rxf1+ 25. Kxf1 Rxb2 {KT-KT} 26. Rc8 Ke6 27. Rxc7 Kxe5 28. g3 Rxb3 29. Ke2 b5 {Die Stellung ist ausgeglichen.} 30. Kd2 b4 31. cxb4 Rxb4 32. Rxg7 Rb2+ 33. Ke3 {Und Tg5+ würde nun gewinnen.} Rb3+ 34. Kf2 Rb2+ 35. Kg1 h6 36. h4 e3 37. Re7+ Kd4 38. g5 hxg5 39. hxg5 Rb5 40. g6 Rg5 41. g7 Rxg3+ 42. Kf1 Kd3 43. Rd7+ Ke4 44. Re7+ Kd3 45. Rd7+ Ke4 46. Re7+ Kd3 47. Rd7+ Ke4 48. Re7+ Kf3 49. Rf7+ Ke4 50. Re7+ Kd3 51. Rd7+ Ke4 52. Re7+ Kd3 53. Rd7+ Ke4 54. Re7+ {Precision: Weiß = 74%, Schwarz = 65%.} 1/2-1/2

[Event "Diamond Cement GM Open 2018"]
[Site "Chittagong"]
[Date "2018.09.05"]
[Round "6"]
[White "Md., Sharif Hossain"]
[Black "Anata, Choudhury"]
[Result "0-1"]
[WhiteElo "2182"]
[BlackElo "2109"]
[Annotator "NA"]
[PlyCount "124"]
[EventDate "2018.09.02"]
[EventCountry "BAN"]
[SourceTitle "playchess.com"]
[Source "ChessBase"]
[SourceQuality "1"]

1. e4 c5 2. Nf3 d6 3. Bb5+ Bd7 4. Bxd7+ Qxd7 5. O-O Nf6 6. Re1 Nc6 7. Nc3 e6 8. d4 cxd4 9. Nxd4 Be7 10. Be3 O-O 11. f4 Rfd8 12. Qf3 Nxd4 13. Bxd4 Qc6 14. Bxf6 Bxf6 15. e5 Qxf3 16. gxf3 $14 Be7 17. Ne4 d5 18. Nd2 Rac8 19. Rac1 b5 20. Kf1 Rc6 21. a3 Rdc8 22. Ke2 Rxc2 23. Rxc2 Rxc2 24. Rb1 Bd8 25. Kd3 Rc8 26. b4 Bb6 27. Re1 Kf8 28. Ra1 Ke7 29. h4 f6 30. h5 fxe5 31. fxe5 Rf8 32. Rf1 Rf5 33. f4 Rxh5 34. Nf3 Rh3 35. Ke2 Rg3 36. Ra1 Rg2+ 37. Kd3 Rf2 38. Nd4 Bxd4 39. Kxd4 Rc2 40. a4 Rc4+ 41. Ke3 Rxb4 42. axb5 Rxb5 43. Rxa7+ Kf8 44. f5 exf5 45. Kf4 d4 46. Rd7 g6 47. Rxd4 Ke7 48. Ra4 Rb7 49. Rc4 Rb6 50. Rc8 Rb4+ 51. Kg5 Re4 52. Rh8 Rg4+ 53. Kh6 f4 54. Rxh7+ Ke6 55. Ra7 Kxe5 56. Ra4 Rg2 57. Ra5+ Ke4 58. Ra4+ Kf3 59. Kg7 Kg3 60. Kxg6 f3 61. Kf5 f2 62. Rf4 Kh2 0-1